Konštrukcie pozemných stavieb I.

Na minha lista:
Detalhes bibliográficos
Main Authors: Horniaková, Lýdia (Author), kol (Author)
Formato: Livro
Idioma:eslovaco
Publicado em: Bratislava : Jaga, 1995
Tags: Adicionar Tag
Sem tags, seja o primeiro a adicionar uma tag!

MARC

LEADER 00000nam a22000003a 4500
001 stu80461
005 20150617225637.3
008 030506s1995----xo------------------slo-d
020 |a 80-967095-4-2 
040 |a STU  |b slo 
041 0 |a slo 
044 |a xo 
080 |a 624.92(075) 
100 1 |a Horniaková, Lýdia  |4 aut 
245 1 |a Konštrukcie pozemných stavieb I. 
260 |a Bratislava :  |b Jaga,  |c 1995 
300 |a 355 s.;tab.,schémy 
700 1 |a kol.  |4 aut 
996 |b 284V031455  |c V*51060/O-22825  |l VVS  |s A  |a 24  |w stu80461_0002 
996 |b 284V013715  |c V*43850/O-19060r  |l VVS  |s A  |a 24  |w stu80461_0003 
996 |b 284V015289  |c V*43847/O-19060o  |l VVS  |s A  |a 24  |w stu80461_0007 
996 |b 284V008257  |c V*43860/O-19060z2  |l VVS  |s A  |a 24  |w stu80461_0008 
996 |b 284V015550  |c V*43832/O-19060a  |l VVS  |s A  |a 24  |w stu80461_0010 
996 |b 284V015490  |c V*43835/O-19060d  |l VVS  |s A  |a 24  |w stu80461_0011 
996 |b 284V011051  |c V*43840/O-19060ch  |l VVS  |s A  |a 24  |w stu80461_0015 
996 |b 284V015462  |c V*43843/O-19060k  |l VVS  |s A  |a 24  |w stu80461_0017 
996 |b 284V014084  |c V*43856/O-19060x  |l VVS  |s A  |a 24  |w stu80461_0018 
996 |b 284V015176  |c V*43841/O-19060i  |l VVS  |s A  |a 24  |w stu80461_0022 
996 |b 284V013943  |c V*43852/O-19060t  |l VVS  |s A  |a 24  |w stu80461_0023